• 首页
  • 本馆介绍
  • 公告通知
  • 最新文献
  • 馆藏检索
  • 电子资源
  • 读者导购
  • 参考咨询
  • 我的图书馆
  • 登录
  • 详细信息显示
  • 放入我的书架
  • 预约/预借图书
  • 作者相关作品
  • 分类相关作品
  • 丛书相关作品
  • 出版社相关作品

书目信息

  • 表格格式
  • 工作单格式
  • 卡片格式
题名:
自然辩证法概论
    
 
作者: 刘永振 主编
分册:  
出版信息: 大连   大连理工大学出版社  2003
页数: 378页
开本: 23cm
丛书名:
单 册:
中图分类: N031
科图分类:
主题词: 自然辩证法--研究生--教材
电子资源:
ISBN: 978-7-5611-2371-3
000 00810n|m0 2200241 450-
001 0102542209
005 20121109170000.0
010    @a978-7-5611-2371-3@dCNY40
100    @a20030929d2003 em y0chiy0120 ea
101 0  @achi
102    @aCN@b210000
105    @ay z 000yy
135    @adrbn ---auuuu
200 1  @a自然辩证法概论@9Zi Ran Bian Zheng Fa Gai Lun @f刘永振主编@b电子资源.图书
210    @a大连@c大连理工大学出版社@d2003
215    @a378页@d23cm
325    @a电子复制品
330    @a本书运用通俗易懂的文字,深入浅出地论述了认识与改造自然界的辩证法,科学技术发展的辩证法,以及人与自然界关系的辩证法三方面内容。
606 0  @a自然辩证法@x研究生@j教材
690    @aN031@v4
701  0 @a刘永振@f(1943~)@9liu yong zhen@4主编
801  0 @aCN@bAZmarc@c20230903
905    @dN031@e10@f5@sN031/10@aBZT
    
    自然辩证法概论/刘永振主编[电子资源.图书].-大连:大连理工大学出版社,2003
    378页;23cm
    
    
    ISBN 978-7-5611-2371-3:CNY40
    本书运用通俗易懂的文字,深入浅出地论述了认识与改造自然界的辩证法,科学技术发展的辩证法,以及人与自然界关系的辩证法三方面内容。
●
相关链接 在五车中查询图书 在当当中查询图书 在豆瓣中查询图书


正题名:自然辩证法概论     索取号:N031/10         预约/预借

序号 登录号 条形码 馆藏地/架位号 状态 备注
1 2000005911   2000005911   旧书回溯/ [索取号:N031/10] 在馆    
2 2000005912   2000005912   旧书回溯/ [索取号:N031/10] 在馆    
3 2000005913   2000005913   旧书回溯/ [索取号:N031/10] 在馆    
4 2000005914   2000005914   旧书回溯/ [索取号:N031/10] 在馆    
5 2000005915   2000005915   旧书回溯/ [索取号:N031/10] 在馆    
山东省滨州职业学院图书馆 欢迎您!
大连网信软件有限公司© 版权所有